00670nam a2200193Ia 4500008004100000040003800041041000800079084000800087100003400095245003800129260002900167300001900196336002900215337003300244338002800277502010300305942005300408999001500461250919t1929||||xx |||||||||||||| ||spa|| agtgcuscobspacgtgcuscodgtgcusco aspa aT25 aZepeda De León, Jorge98726 0aImportancia del examen de la boca aGuatemala :bUSAC,c1929 a15 p. :bil. : atextobtxt2rdacontenido aSin mediaciónbn2rdamedio avolumenbnc2rdasoporte aTesis (Cirujano Dentista) -- Universidad de San Carlos de Guatemala, Facultad de Odontología. -- aBiblioteca Facultad de OdontologíacTESISkT25 c7197d7197